Statistics for Disney Movies Title without the Letter 'A'

Click here to take the quiz!

General Stats

  • This quiz has been taken 38 times
    (33 since last reset)
  • The average score is 2 of 15

Answer Stats

YearMovie% Correct
1940Pinocchio
75%
1941Dumbo
68%
1967The Jungle Book
39%
1948Melody Time
11%
1963The Sword in the Stone
11%
1946Song of the South
7%
1957Old Yeller
0%
1935On Ice
0%
1963Son of Flubber
0%
2003The Jungle Book 2
0%
1958The Light in the Forest
0%
1937The Old Mill
0%
1958The Sign of Zorro
0%
1939The Ugly Duckling
0%
1933Three Little Pigs
0%

Score Distribution

Percentile by Number Answered

Percent of People with Each Score

Your Score History

You have not taken this quiz since the last reset